00815nam a2200253 4500003000400000005001700004008004100021040001800062050001500080245009900095264005400194300001800248336002200266337002400288338002400312650001700336650002000353650002100373700004400394700004100438710005000479942001500529999001700544OSt20260530113854.0260507b1981 mx ||||| |||| 00| 0 spa d aICIbSPAcICI aNX620bC6510aComo acercarse a las artes, las ciencias, las humanidades / cComp. y ed. María Luisa oteyza 1a México :bFinanciera nacional azucarera,c1981 a372 páginas atexto2rdacontent asin medio2rdamedia avolumen2rdacarrier aArtes931522 a Ciencia914431 aHumanidad931523 aOteyza, Maria Luisa,ecompilador931524 aGarcía Jaqueline eCubierta931525 aMexico.bFinanciera Nacional Azucarera931526 2lcccBKn1 c11555d11555